000 00550nam a2200205Ia 4500
005 20250923144425.0
008 008 250917s9999 xx 000 0 eng d
037 _aTextual
040 _aDSWL
_beng
_cDSWL
041 _aeng
_2eng
084 _aV252:262:N3, H4
_qDSWL
100 _aHasan, Zahurul
_9824755
245 0 _aRural govt in United Provinces
_cby Zahurul Hasan
260 _c1944
300 _a179 p.
365 _aINR
_b4
925 _g4
942 _cTEXL
_hV252:262:N3, H4
999 _c1438664
_d1438664